书目信息 |
| 题名: |
美国大学高额奖学金简介
|
|
| 作者: | 魏曦 编著 | |
| 分册: | ||
| 出版信息: | 成都 四川大学出版社 1995.08 |
|
| 页数: | 227页 | |
| 开本: | 32开 | |
| 丛书名: | ||
| 单 册: | ||
| 中图分类: | G649.712 | |
| 科图分类: | ||
| 主题词: | 各级 , 教育 | |
| 电子资源: | ||
| ISBN: | 7-5614-1187-1 | |
| 000 | 00593nam0 2200205 45 | |
| 001 | 0005110895 | |
| 005 | 20000815163440.8 | |
| 010 | @a7-5614-1187-1@d12.50元 | |
| 100 | @a20000511d1995 km y0chiy0120 ea | |
| 101 | @achi | |
| 105 | @a z 000yy | |
| 200 | 1 | @a美国大学高额奖学金简介@AMei Guo Da Xue Gao E JiangXue Jin Jian Jie@f魏曦等编著@FWei Xi Deng Bian Zhu |
| 210 | @a成都@c四川大学出版社@d1995.08 | |
| 215 | @a227页@d32开 | |
| 606 | 0 | @x各级 |
| 606 | 0 | @a教育 |
| 690 | @aG649.712@v3 | |
| 701 | @a魏曦@4编著 | |
| 801 | @aCN@bPftUser@c20000511 | |
| 905 | @dG649.712@eW.334@b107024-028@f5 | |
| 美国大学高额奖学金简介/魏曦等编著.-成都:四川大学出版社,1995.08 |
| 227页;32开 |
| ISBN 7-5614-1187-1:12.50元 |
| ● |
| 相关链接 |
|
|
|
正题名:美国大学高额奖学金简介
索取号:G649.712/W.334
 
预约/预借
| 序号 | 登录号 | 条形码 | 馆藏地/架位号 | 状态 | 备注 |
| 1 | 107024 | 201070241 | 社科库409/409社科库 16排2列3层/ [索取号:G649.712/W.334] | 在馆 | |
| 2 | 107025 | 201070250 | 社科库409/409社科库 16排2列3层/ [索取号:G649.712/W.334] | 在馆 | |
| 3 | 107026 | 201070269 | 社科二线422/409社科库 15排4列5层/ [索取号:G649.712/W.334] | 在馆 | |
| 4 | 107027 | 201070278 | 社科库409/409社科库 16排2列3层/ [索取号:G649.712/W.334] | 在馆 | |
| 5 | 107028 | 201070287 | 社科库409/409社科库 15排4列5层/ [索取号:G649.712/W.334] | 在馆 |